| 000 -LEADER |
| fixed length control field |
00526cam a2200181 a 4500 |
| 020 ## - INTERNATIONAL STANDARD BOOK NUMBER |
| ISBN |
090838629X (pbk.) : |
| 040 ## - CATALOGING SOURCE |
| Transcribing agency |
DLC |
| 082 00 - DEWEY DECIMAL CLASSIFICATION NUMBER |
| Classification number |
331 CIT 1983 C153 Or. |
| 245 00 - TITLE STATEMENT |
| Title |
1980 census : |
| Remainder of title |
employment analysis and evaluation. |
| 260 ## - PUBLICATION, DISTRIBUTION, ETC. (IMPRINT) |
| Place of publication |
Cape Town : |
| Name of publisher |
City Engineer's Dept., City of Cape Town, |
| Year of publication |
c1983. |
| 300 ## - PHYSICAL DESCRIPTION |
| Number of Pages |
iv, 52, 4 leaves : |
| Other physical details |
ill. ; |
| Dimensions |
30 cm. |
| 490 1# - SERIES STATEMENT |
| Series statement |
TMS report ; |
| 500 ## - GENERAL NOTE |
| General note |
Cover title. |
| 500 ## - GENERAL NOTE |
| General note |
"June 1983." |
| 650 #0 - SUBJECT ADDED ENTRY--TOPICAL TERM |
| Topical Term |
Labor supply |
| 710 1# - ADDED ENTRY--CORPORATE NAME |
| Corporate name or jurisdiction name as entry element |
Cape Town (South Africa). |
| 942 ## - ADDED ENTRY ELEMENTS (KOHA) |
| Koha item type |
ADB |
| 952 ## - LOCATION AND ITEM INFORMATION (KOHA) |
| Withdrawn status [LOCAL, KOHA] |
0 |